[Event "Titled Tuesday intern op 20th Apr"]
[Site "Chess.com INT"]
[Date "2021.04.20"]
[Round "7"]
[White "Cruz, Jonathan"]
[Black "Alice, Mateus Felizardo Vi"]
[Result "1-0"]
[WhiteElo "2393"]
[BlackElo "2202"]
[PlyCount "83"]
[EventDate "2021.04.20"]
[EventType "swiss (blitz)"]
[EventRounds "11"]
[EventCountry "USA"]
[SourceTitle "CBM 202 Extra"]
[Source "ChessBase"]
[SourceDate "2021.07.31"]
[SourceVersion "1"]
[SourceVersionDate "2021.07.31"]
[SourceQuality "1"]

1. Nf3 Nf6 2. d4 e6 3. e3 c5 4. Bd3 cxd4 5. exd4 b6 6. 0-0 Bb7 7. Re1 Be7 8. Bg5 0-0 9. Nbd2 d6 10. c3 Nbd7 11. Qe2 h6 12. Bh4 Nd5 13. Bg3 N7f6 14. Rad1 Nh5 15. Qe4 Nhf6 16. Qe2 Nh5 17. Qe4 Nhf6 18. Qh4 a6 19. c4 Nb4 20. Bb1 Ne4 21. Qh3 Nxg3 22. hxg3 d5 23. a3 Nc6 24. cxd5 Qxd5 25. Be4 Qd8 26. Nc4 b5 27. Ne3 Na5 28. d5 exd5 29. Bxd5 Bxd5 30. Nxd5 Bf6 31. Qf5 Nc4 32. b3 Nxa3 33. Nh2 Re8 34. Rxe8+ Qxe8 35. Nxf6+ gxf6 36. Ng4 Qe6 37. Nxh6+ Kg7 38. Qh5 Rc8 39. Nf5+ Kg8 40. Qg4+ Kf8 41. Qg7+ Ke8 42. Qg8# 1-0

[Event "Titled Tuesday intern op 20th Apr"]
[Site "Chess.com INT"]
[Date "2021.04.20"]
[Round "4"]
[White "Yaniuk, Volodymyr"]
[Black "Alice, Mateus Felizardo Vi"]
[Result "1-0"]
[WhiteElo "2227"]
[BlackElo "2202"]
[PlyCount "47"]
[EventDate "2021.04.20"]
[EventType "swiss (blitz)"]
[EventRounds "11"]
[EventCountry "USA"]
[SourceTitle "CBM 202 Extra"]
[Source "ChessBase"]
[SourceDate "2021.07.31"]
[SourceVersion "1"]
[SourceVersionDate "2021.07.31"]
[SourceQuality "1"]

1. d4 Nf6 2. Nc3 d5 3. Bf4 c6 4. e3 Bf5 5. Nf3 h6 6. Ne5 Nbd7 7. g4 Bh7 8. h4 Ne4 9. Nxe4 Bxe4 10. f3 Bh7 11. Qd2 e6 12. g5 h5 13. 0-0-0 Nxe5 14. Bxe5 Bg6 15. Bd3 Bxd3 16. Qxd3 Qa5 17. a3 0-0-0 18. f4 Rg8 19. f5 Bd6 20. fxe6 fxe6 21. Qg6 Rge8 22. Bxd6 Rxd6 23. Qxe8+ Rd8 24. Qxe6+ 1-0